000 01007nam2a22002531 4500
001 RU\NLR\INFOCOMM18\1000236105
005 20050116193344.0
035 _a(NLR Aleph) 002403828
090 _a4667938
_c4667938
100 _a20050116d1966 |||y0rusy50 ba
101 0 _arus
102 _aRU
105 _ay |||||||||
200 1 _aИз опыта работы литературно-краеведческого кружка ЦДЭТС при Государственном музее А.С. Пушкина города Москвы
_fК.К. Эткин
210 _d1966
461 0 _1001RU\NLR\INFOCOMM18\1000236087
_12001#$aМетодические материалы$fМ-во прос. РСФСР. Центр. детская экскурсионно-туристская станция$v1966, №5
700 1 _aЭткин
_bК. К.
_4070
801 0 _aRU
_bNLR
_gPSBO
801 1 _aRU
_bInfoComm
_c20050116
852 _aNLR
_jП41/75
942 _cISSUE
980 _aNB
980 _aRUSPER